Statistiques concernant 5 pays les plus médaillés par jeux paralympiques d'hiver

Cliquez ici pour prendre le quiz!

Statistiques générales

  • Ce quiz a été pris 210 fois
  • Le résultat moyen est 57 sur 65

Statistiques - réponses

Jeux ParalympiquesPaysNombre Médailles% Correct
France12
99%
France20
99%
France12
99%
France15
99%
France31
99%
États Unis20
97%
États Unis35
97%
Pyeongchang 2018États Unis36
97%
États Unis12
97%
États Unis43
97%
États Unis43
97%
Tignes Albertville 1992États Unis45
97%
États Unis34
97%
Canada19
95%
Canada25
95%
Canada28
95%
Canada16
95%
Russie38
95%
Russie30
95%
Turin 2006Russie33
95%
Russie21
95%
Sotchi 2014Russie80
95%
Russie31
95%
Allemagne38
93%
Allemagne44
93%
Vancouver 2010Allemagne24
93%
Allemagne18
93%
Allemagne64
93%
Allemagne15
93%
Salt Lake City 2002Allemagne33
93%
Allemagne19
93%
Allemagne de l'Ouest34
93%
Örnsköldsvik 1976Allemagne de l'Ouest28
93%
Allemagne de l'Ouest30
93%
Pékin 2022Chine61
92%
Suède16
91%
Suède20
91%
Athlètes Olympiques Neutres24
90%
Japon41
89%
Norvège12
89%
Geilo 1980Norvège54
89%
Lillehammer 1994Norvège64
89%
Norvège41
89%
Innsbruck 1988Norvège60
89%
Norvège19
89%
Nagano 1998Norvège40
89%
Finlande25
88%
Finlande34
88%
Finlande14
88%
Finlande22
88%
Finlande34
88%
Suisse12
84%
Suisse23
84%
Suisse9
84%
Autriche22
77%
Autriche44
77%
Innsbruck 1984Autriche70
77%
Autriche29
77%
Australie20
69%
Ukraine25
61%
Ukraine19
61%
Ukraine25
61%
Ukraine29
61%
Équipe Unifiée21
48%
Slovaquie11
42%

Distribution des résultats

Percentile par nombre de réponses

% des personnes avec chaque résultat

Votre développement - résultats

Vous n’avez pas pris ce quiz